00476 2200193 4500001002100000005001500021035002000036007000300056008004100059020001800100082001000118084001600128100001700144245004500161260004100206856001700247990000900264990000900273INLIS00000000000080320220907073917 a0010-0922000084ta220907 g 0 ind  a9789792671605 a398.2 a398.2 ANN m0 aAnna Martina1 amengapa kapal besi bisa mengapung di air aJakarta :bArmandelta Selaras,c2008 aKoleksi Umum a3666 a3667